Gravity Falls Trivia #2 - Statistics

General Stats
  • This quiz has been taken 304 times
  • The average score is 9 of 15
Answer Stats
Question Answer % Correct
What letter on the Mystery Shack is missing? S
99%
Who created Gravity Falls? Alex Hirsch
80%
Who represented the bag of ice in the circle? Wendy
80%
What represented Pacifica in the circle? A Llama
78%
Who had possession of Journal 2? Gideon
77%
What are people in Gravity Falls allowed to marry? Woodpeckers
73%
Where was Journal 3 found? A Hollow Tree
70%
How many episodes have there been? 40
68%
Who is "F"? Fiddleford McGucket
62%
What does the Society of the Blind Eye do? Erase Memories
55%
What does Dipper's original hat have on it? A Star
53%
Where do Dipper and Mabel live? Piedmont
48%
Who was the "Founder" of Gravity Falls? Nathaniel Northwest
32%
What did Dipper catch for the Mystery Shack? A Gremloblin
22%
What does Dipper do when he's sleep-deprived? Eat his shirt
22%
No matching quizzes found
Score Distribution
Percent of People with Each Score
Percentile by Number Answered
Your Score History
You have not taken this quiz